000 00924nam a2200229 4500
001 139537
003 ES-MaACL
007 t|
008 070214s1972 mx r ||||1| spa d
100 1 _aScheid, Francis.
_9104273
245 1 0 _aTeoría y problemas de introducción a la ciencia de las computadoras /
_cpor Francis Scheid ; traducción y adaptación, Carlos Martínez Mejía, Eliecer Fajardo O. ; consultor, Juan Manuel Devis Estefan.
260 _aMéxico [etc.] :
_bMcGraw-Hill,
_c1972.
300 _a286 p. :
_bil. ;
_c28 cm.
490 1 _aSerie de Compendios Schaum. Computación
500 _aEn cub.: Teoría y 300 problemas resueltos.
700 1 _aFajardo O., Eliecer.
_948677
700 1 _aMartínez Mejía, Carlos.
_978224
700 1 _aDevis Estefan, Juan Manuel.
_944014
830 0 _aSerie de Compendios Schaum. Computación
_9220238
852 _aES-MaACL
_jE-5814
_bR.90081
999 _c139537
_d139537